000 01314cam a22003617a 4500
003 CHAP
005 20220817043431.0
008 980406d1998 mx r 00110 spa d
010 _a75248
011 _a76220
035 _a85799
040 _cCHAP
090 _aTesis
100 0 0 _aSerrano Elias, Oscar.
_9105213
245 1 0 _aDesarrollo de un sistema de información geográfica para un sistema experimental de drenaje
_c/por Oscar Serrano Elias y Fernando Sergio Méndez Guizar
260 _aChapingo, Méx. :
_bEl autor,
_c1998.
300 _a68 h. :
_banexo
502 _aTesis (Ing. en Irrigación) -- UACH. Departamento de Irrigación
590 _aALEPH
_b10
_c20130110
_lUCH01
_h1423
590 _aBATCH-UPD
_b10
_c20130110
_lUCH01
_h0544
590 _aBATCH-UPD
_b10
_c20130410
_lUCH01
_h0225
590 _aBATCH-UPD
_b10
_c20130914
_lUCH01
_h1221
590 _aCONVERSION
_b10
_c20130109
_lUCH01
_h1341
650 1 4 _aDrenaje.
_934190
650 1 4 _aProcesamiento automático de datos en irrigación.
_991796
650 1 4 _aSistemas de Información Geográfica.
700 0 _aMéndez Guizar, Fernando Sergio.
_976508
901 _aBK
905 _aLilia Sánchez G.
942 _cFOLL
949 _bBC
_cTES
_d33724000588570
_eTS2
_fc.2
_h32532
_i85799
_si
949 _bBC
_cTES
_d857991
_eTS1
_h32531
_i85799
_sb
999 _c75248
_d75248